| 000 | 01081cab a2200265 4500 | ||
|---|---|---|---|
| 001 | ABS59188 | ||
| 008 | 090401t1998 xxu||||| |||| 00| 0 eng d | ||
| 035 | _a(Sirsi) u88203 | ||
| 041 | _aeng | ||
| 100 | _aHill, R | ||
| 245 | _aRaise the roof value | ||
| 260 | _c1998 | ||
| 350 | _a0 | ||
| 490 |
_aEstates Gazette _v(9832) 8 August 1998, 80-82(3) |
||
| 520 | _aDiscusses the increase in applications for consent to put telecommunications apparatus on buildings. Considers the implications of either granting consent in the form of a lease excluded from the security of tenure porvisions of the Landlord and Tenant Act 1954, or the refussl of consent. Examines the statutory rights conferred by the Telecommunications Code and the provisions governing removal of the apparatus. | ||
| 650 | _aLANDLORDS CONSENT | ||
| 650 | _aREMOVAL | ||
| 650 | _aTELECOMMUNICATIONS ACT 1984 | ||
| 650 | _aTELECOMMUNICATIONS CODE | ||
| 650 | _aTELECOMMUNICATIONS | ||
| 690 | _aLANDLORD AND TENANT-BUSINESS TENANCIES | ||
| 700 | _aRickard, J. | ||
| 942 | _n0 | ||
| 948 | _c28/08/1998 | ||
| 999 |
_c55724 _d55724 |
||